Boundless: Plants - Statistics

General Stats
  • This quiz has been taken 3 times
  • The average score is 19 of 37
Answer Stats
Hint Plant % Correct
Rare Organic Crop Exotic Tuber Plant
100%
Uncommon Fungus Glow Cap Fungus
100%
Ultra Rare Inorganic Crop Goo
100%
Rare Inorganic Crop Kindling Mass
100%
Common Organic Crop Starberry Vine
100%
Common Organic Crop Tuber Plant
100%
Uncommon Organic Crop Waxy Tuber Plant
100%
Common Decorative Flower Cloneflower
67%
Common Plant Desert Sword
67%
Common Decorative Flower Ghostflower
67%
Common Decorative Flower Gladeflower
67%
Uncommon Organic Crop Glossy Starberry Vine
67%
Rare Organic Crop Kranut Plant
67%
Uncommon Organic Crop Oortian Rice
67%
Uncommon Organic Crop Oorum Wheat
67%
Common Plant Rosetta Nox
67%
Seasonal Spooky Crop Spider Crop
67%
Rare Plant Stardrop Plant
67%
Rare Plant Trumpet Root
67%
Rare Fungus Weeping Waxcap Fungus
67%
Uncommon Organic Crop Ancient Oat
33%
Rare Fungus Branch Funnel Fungus
33%
Rare Fungus Clustered Tongue Fungus
33%
Rare Inorganic Crop Combustion Fraction
33%
Rare Organic Crop Juicy Starberry Vine
33%
Uncommon Fungus Mottled Tar Spot Fungus
33%
Common Decorative Flower Spineflower
33%
Common Fungus Tinted-Burst Fungus
33%
Rare Plant Traveller's Perch
33%
Uncommon Plant Twisted Aloba
33%
Rare Decorative Crop Ancestor's Blade
0%
Rare Decorative Crop Imperial Harlequin
0%
Uncommon Plant Oortian's Staff
0%
Rare Decorative Crop Ornamental Oortweed
0%
Rare Decorative Inorganic Crop Sentinel's Crest
0%
Uncommon Plant Spineback Plant
0%
Rare Decorative Crop Trailing Starblossom
0%
No matching quizzes found
Score Distribution
Percent of People with Each Score
Percentile by Number Answered
Your Score History
You have not taken this quiz